| 000 | 00834pam a2200277 i 4500 | ||
|---|---|---|---|
| 999 |
_c5957 _d5957 |
||
| 001 | 22452 | ||
| 003 | GBCCL | ||
| 005 | 20241126110553.0 | ||
| 008 | 760716s1976 miu 000 0 eng | ||
| 010 | _a 76026154 | ||
| 035 | _a(OCoLC)02373244 | ||
| 040 |
_aDLC _cDLC |
||
| 049 | _aLBBK | ||
| 050 | 0 |
_aBV4501.2 _b.S7173 |
|
| 082 |
_a248 _bSTA |
||
| 092 |
_a248.4 _bS785g |
||
| 100 | 1 |
_aStanford, Miles J. _910769 |
|
| 245 | 1 | 4 |
_aThe ground of growth : _bthe Christian's relationship to the cross and the risen Christ / _cMiles J. Stanford. |
| 260 |
_aGrand Rapids : _bZondervan Publishing House, _cc1976. |
||
| 300 |
_a92 p. ; _c18 cm. |
||
| 440 |
_aGreen Letters _910771 |
||
| 650 | 0 |
_aChristian life. _9183 |
|
| 650 | 0 |
_aRedemption. _97581 |
|
| 800 | 1 |
_aStanford, Miles J. _tThe "green letters" series. _910770 |
|
| 942 |
_2ddc _cBK |
||